Rozsypanka literowa - miasta w województwie łódzkim - Statystyki

Ogólne statystyki
  • Ten quiz został rozwiązany 26 razy
  • Średni wynik to 16 z 20
Statystyki odpowiedzi
Miasto % Poprawnych
Łask
100%
Łódź
95%
Opoczno
95%
Wieluń
95%
Zgierz
95%
Głowno
90%
Kutno
90%
Łowicz
90%
Pabianice
86%
Pajęczno
86%
Bełchatów
81%
Skierniewice
81%
Poddębice
76%
Sieradz
76%
Radomsko
71%
Koluszki
67%
Tomaszów Mazowiecki
67%
Piotrków Trybunalski
62%
Zduńska Wola
62%
Aleksandrów Łódzki
57%
Nie znaleziono quizów pasujących do podanych kryteriów
Rozkład punktacji
Procent ludzi z każdym wynikiem
Percentyl według liczby udzielonych odpowiedzi
Twoja historia wyników
Nie rozwiązałeś tego quizu